Lysistrata (Record no. 20451)
[ view plain ]
| 000 -LEADER | |
|---|---|
| fixed length control field | 01165nam a2200385 a 4500 |
| 001 - CONTROL NUMBER | |
| control field | 20451 |
| 003 - CONTROL NUMBER IDENTIFIER | |
| control field | VRT |
| 005 - DATE AND TIME OF LATEST TRANSACTION | |
| control field | 20260122142141.0 |
| 008 - FIXED-LENGTH DATA ELEMENTS--GENERAL INFORMATION | |
| fixed length control field | 960531q1995 xo p 000 d slo c |
| 020 ## - INTERNATIONAL STANDARD BOOK NUMBER | |
| International Standard Book Number | 8088834090 (brož.) |
| 035 ## - SYSTEM CONTROL NUMBER | |
| System control number | UKB000184588 |
| 040 ## - CATALOGING SOURCE | |
| Original cataloging agency | BAA001 |
| Language of cataloging | slo |
| Transcribing agency | BAA001 |
| Description conventions | AACR2 |
| 041 1# - LANGUAGE CODE | |
| Language code of text/sound track or separate title | slo |
| 044 ## - COUNTRY OF PUBLISHING/PRODUCING ENTITY CODE | |
| MARC country code | xo |
| ISO country code | SK |
| 080 ## - UNIVERSAL DECIMAL CLASSIFICATION NUMBER | |
| Universal Decimal Classification number | 875-93-22 |
| 100 0# - MAIN ENTRY--PERSONAL NAME | |
| Personal name | Aristophanes |
| Dates associated with a name | medzi 450-380 pred Kr. |
| 243 10 - COLLECTIVE UNIFORM TITLE | |
| Uniform title | <a href="Staroveká grécka dráma">Staroveká grécka dráma</a> |
| 245 00 - TITLE STATEMENT | |
| Title | Lysistrata |
| Statement of responsibility, etc. | Aristofanes ; [prel. Vojtech Mihálik] |
| 260 ## - PUBLICATION, DISTRIBUTION, ETC. | |
| Place of publication, distribution, etc. | Rohovce |
| Name of publisher, distributor, etc. | Interpopulart Slovakia |
| Date of publication, distribution, etc. | [1995] |
| 300 ## - PHYSICAL DESCRIPTION | |
| Extent | 80 s |
| 490 1# - SERIES STATEMENT | |
| Series statement | Populart. Študentská knižnica |
| Volume/sequential designation | 10 |
| 500 ## - GENERAL NOTE | |
| General note | Staroveká grécka dráma |
| 504 ## - BIBLIOGRAPHY, ETC. NOTE | |
| Bibliography, etc. note | Bibliogr. s. 80 |
| 650 07 - SUBJECT ADDED ENTRY--TOPICAL TERM | |
| Topical term or geographic name entry element | literatúra grécka klasická |
| 650 07 - SUBJECT ADDED ENTRY--TOPICAL TERM | |
| Topical term or geographic name entry element | komédie |
| 653 ## - INDEX TERM--UNCONTROLLED | |
| Uncontrolled term | 875-93-22 |
| 700 1# - ADDED ENTRY--PERSONAL NAME | |
| Personal name | Mihálik, Vojtech, |
| Dates associated with a name | 1926-2001 |
| Relationship | trl |
| 760 1# - MAIN SERIES ENTRY | |
| Title | Populart. Študentská knižnica |
| 830 #0 - SERIES ADDED ENTRY--UNIFORM TITLE | |
| Uniform title | Populart. Študentská knižnica |
| Volume/sequential designation | 10 |
| 910 ## - USER-OPTION DATA (OCLC) | |
| User-option data | ukb |
| 942 ## - ADDED ENTRY ELEMENTS (KOHA) | |
| Source of classification or shelving scheme | Dewey Decimal Classification |
| Koha item type | Krásna literatúra pre dospelých |
| Suppress in OPAC | No |
| 949 ## - LOCAL PROCESSING INFORMATION (OCLC) | |
| 6 | 1800004765 |
| a | 30.D.64390 |
| b | PV.1833-96 |
| 949 ## - LOCAL PROCESSING INFORMATION (OCLC) | |
| 6 | 1800004764 |
| a | SL.D.23199 |
| b | PV.1834-96 |
| 949 ## - LOCAL PROCESSING INFORMATION (OCLC) | |
| 6 | 1800006907 |
| a | 30.D.64390 |
| b | KD.161-96 |
| Stav vyradenia | Strata | Poškodenie | Spôsob nadobudnutia | Domovská knižnica | Aktuálna knižnica | Dátum nadobudnutia | Total checkouts | Čiarový kód exemplára | Date last seen | Typ exemplára |
|---|---|---|---|---|---|---|---|---|---|---|
| Dar | Obecná knižnica Horná Štubňa | Obecná knižnica Horná Štubňa | 22.01.2026 | 8088834090 | 22.01.2026 | Krásna literatúra pre dospelých |
